000 00547nam a22001817a 4500
003 CEME
005 20210628202233.0
008 210210b xxu||||| |||| 00| 0 eng d
020 _a0-470-85128-7
040 _c.
082 _a658.408 MOR
100 _aMorris , Alan .S
_958932
245 _aIso 14000 environmental management standards ,engineering and financial aspects
260 _aENGLAND
_bJOHN WILEY
_c2004
300 _aXIII,286P
650 _aISO-14000 SERIES STANDARDS. ENVIRONMENTAL PROTECTION-STANDARDS.
_958933
942 _cBK
_2ddc
999 _c569003
_d569003